000 00718nam a2200241 i 4500
001 C2-0280958
003 PPAK
005 20180728011733.0
008 070725s2003 my |||| ||||| | may d
040 _aPPAK
_beng
_cPPAK
_erda
082 0 4 _a499.238
_223
090 0 0 _a499.238
_bSAL
_dKSS
100 0 _aSalleh Buang,
_eauthor
245 1 0 _aKemampuan bahasa melayu sebagai bahasa ilmu dalam bidang undang - undang
264 1 _aSarawak :
_bDewan Bahasa dan Pustaka ,
_c2003
300 _a9 pages ;
_c30 cm
336 _2rdacontent
_atext
337 _2rdamedia
_aunmediated
338 _2rdacarrier
_avolume
500 _aTema- bahasa melayu dan cabaran globalisasi
650 1 0 _aMalay language
942 _ddc
_cB
999 _c87418
_d87418